[Event "Neumarkt am Wallersee op 16th"]
[Site "Neumarkt am Wallersee"]
[Date "2018.09.06"]
[Round "5"]
[White "Wimmer, Johann"]
[Black "Schein, Karl Heinz"]
[Result "0-1"]
[WhiteElo "2111"]
[BlackElo "2177"]
[PlyCount "100"]
[EventDate "2018.09.02"]
[EventType "swiss"]
[EventRounds "7"]
[EventCountry "AUT"]
[SourceTitle "CBM 186 Extra"]
[Source "ChessBase"]
[SourceDate "2018.08.24"]
[SourceVersion "1"]
[SourceVersionDate "2018.08.24"]
[SourceQuality "1"]

1. e4 e5 2. Nf3 Nc6 3. d4 exd4 4. Nxd4 Nf6 5. Nc3 Bb4 6. Nxc6 bxc6 7. Bd3 d5 8. exd5 cxd5 9. 0-0 0-0 10. Bg5 c6 11. Qf3 h6 12. Bxf6 Qxf6 13. Qxf6 gxf6 14. Ne2 Re8 15. Nd4 Bb7 16. c3 Bf8 17. Rfe1 Re5 18. Nf3 Ree8 19. Nd4 c5 20. Nf3 Bc6 21. Rxe8 Rxe8 22. Re1 Rb8 23. Rb1 a5 24. Kf1 Bd7 25. b3 Bd6 26. Nh4 Be5 27. c4 dxc4 28. bxc4 Rb4 29. Rxb4 cxb4 30. Nf3 Bc3 31. c5 Kf8 32. Ke2 Ke7 33. Bc4 a4 34. Nd2 Bd4 35. Ne4 f5 36. Kd3 Be5 37. Ng3 Be6 38. Bxe6 fxe6 39. Ne2 b3 40. axb3 axb3 41. Nc3 Kd7 42. Nb1 Kc6 43. Kc4 b2 44. h3 Bf6 45. f3 Be7 46. Kd4 Bf6+ 47. Kc4 Be7 48. Kd4 Bxc5+ 49. Ke5 Kb5 50. Kxe6 Kc4 0-1